000 00276nam a22001217a 4500
020 _a978-0877628668
041 _aENG
100 _aPlastics
245 _aPlastics In Food Packaging
260 _aFlorida.
_bmona Doyle President
_c1996
650 _aAPE
856 _uAPE ( 03 )
999 _c1686
_d1686